000 00818nam a2200193 a 4500
003 0
005 20250515074110.0
008 970101s19uu xx 00 eng d
050 _aPHS LC 4704
_b.B84 2004
100 _aBuenaventura, Roberto Martin S.
245 _aA Study on the factors on the Underachievement of above average and gifted Southville International School and Colleges students /
_cRoberto Martin S. Buenaventura.
260 _aLas PiƱas City, Philippines :
_bSouthville International School and Colleges,
_c2004.
300 _a79 pages :
_billustrations ;
_c28 cm.
504 _aIncludes bibliographical references.
650 _aUnderachievers
_xEducation
_zPhilippines.
650 _aAcademic achievement
_xPsychological aspects.
650 _aStudent performance
_zPhilippines.
942 _2lcc
_cPASS
999 _c97089
_d97089